Toán học rời rạc và ứng dụng trong tin học /
Spremljeno u:
| Glavni autor: | |
|---|---|
| Daljnji autori: | |
| Format: | Sách giấy |
| Jezik: | Vietnamese |
| Izdano: |
H. :
Thống kê,
2002
|
| Izdanje: | Tái bản lần thứ tư |
| Teme: | |
| Oznake: |
Dodaj oznaku
Bez oznaka, Budi prvi tko označuje ovaj zapis!
|
| Thư viện lưu trữ: | Thư viện Trường Đại học Đà Lạt |
|---|
| LEADER | 00830nam a2200313 4500 | ||
|---|---|---|---|
| 001 | DLU040027298 | ||
| 005 | ##20040423 | ||
| 040 | # | # | |a DLU |b vie |
| 041 | # | # | |a vie |
| 044 | # | # | |a vn |
| 082 | # | # | |a 510 |b RO-K |
| 100 | # | # | |a Rosen, Kenneth H. |
| 245 | # | # | |a Toán học rời rạc và ứng dụng trong tin học / |c Kenneth H. Rosen |
| 250 | # | # | |a Tái bản lần thứ tư |
| 260 | # | # | |a H. : |b Thống kê, |c 2002 |
| 300 | # | # | |a 1239 tr. ; |c 24 cm |
| 650 | # | # | |a Khoa học máy tính |x Toán học |v Giáo trình |
| 650 | # | # | |a Toán học rời rạc |v Giáo trình |
| 700 | # | # | |a Bùi Xuân Toại |e dịch |
| 923 | # | # | |a 10/2004 |
| 992 | # | # | |a 162000 |
| 994 | # | # | |a DLU |
| 900 | # | # | |a True |
| 911 | # | # | |a Đào Thị Thu Huyền |
| 925 | # | # | |a G |
| 926 | # | # | |a A |
| 927 | # | # | |a SH |
| 980 | # | # | |a Thư viện Trường Đại học Đà Lạt |